00564nam a2200181 i 450000100060000000300090000600500170001500700030003200800410003510000250007624501360010126000310023730000200026870000230028870000230031185200240033485200240035821018ES-MaACL20230906152413.0t|021120s1936 phl ||||1| eng d1 aAfrica, Cándido M.10aFurther observations on the life cycle of Gnathostoma spinigarun /cby Cándido M. Africa, Pedro G. Refuerso, Eusebio J. García. aManila : b[s.n.], c1936. a5 p. ; c27 cm.1 aRefuerso, Pedro G.1 aGarcia, Eusebio J. aES-MaACLj1823-F-14 aES-MaACLj1823-F-13